Research 101 : notes and style guide in thesis and dissertation writing for the Filipino students / Jaime Gutierrez-Ang, DEM, editor. (Record no. 21331)
| 000 -LEADER | |
|---|---|
| fixed length control field | 00560nam a22001577a 4500 |
| 020 ## - INTERNATIONAL STANDARD BOOK NUMBER | |
| ISBN | 9786214063338 |
| 082 ## - DEWEY DECIMAL CLASSIFICATION NUMBER | |
| Classification number | 001.42 |
| Item number | R4321 2022 |
| 245 ## - TITLE STATEMENT | |
| Title | Research 101 : notes and style guide in thesis and dissertation writing for the Filipino students / Jaime Gutierrez-Ang, DEM, editor. |
| 260 ## - PUBLICATION, DISTRIBUTION, ETC. (IMPRINT) | |
| Place of publication | Manila : |
| Name of publisher | Mindshapers Co., Inc., |
| Year of publication | ©2022. |
| 300 ## - PHYSICAL DESCRIPTION | |
| Number of Pages | xi, 159 pages ; |
| Other physical details | 26 cm |
| 500 ## - GENERAL NOTE | |
| General note | Includes bibliographical references. |
| 650 ## - SUBJECT ADDED ENTRY--TOPICAL TERM | |
| Topical Term | Research -- Methodology. |
| 650 ## - SUBJECT ADDED ENTRY--TOPICAL TERM | |
| Topical Term | Academic writing. |
| 650 ## - SUBJECT ADDED ENTRY--TOPICAL TERM | |
| Topical Term | Gutierrez-Ang, Jaime, editor. |
| 942 ## - ADDED ENTRY ELEMENTS (KOHA) | |
| Koha item type | Books |
| Source of acquisition | Permanent Location | Date acquired | Koha item type | Collection code | Accession Number | Lost status | Shelving location | Withdrawn status | Current Location | Full call number |
|---|---|---|---|---|---|---|---|---|---|---|
| School | Cagayan State University - Carig Library | 2025-09-03 | Books | General Works | 011147 | General Collection | Cagayan State University - Carig Library | 001.42 R4321 2022 | ||
| School | Cagayan State University - Carig Library | 2025-09-03 | Books | General Works | 011148 | General Collection | Cagayan State University - Carig Library | 001.42 R4321 2022 | ||
| School | Cagayan State University - Carig Library | 2025-09-03 | Books | General Works | 011149 | General Collection | Cagayan State University - Carig Library | 001.42 R4321 2022 |